| 000 | 003250000a22001330004500 | ||
|---|---|---|---|
| 041 | 0 | _aSPA | |
| 082 | 0 | 4 | _aG 865 H4772p |
| 100 | 1 | _aHeller, Silvio S. | |
| 245 | 1 | 0 | _aPasaje del ida / Silvio S. Heller, Mauricio Montaldo M, Rubén Soto G. |
| 260 | _aQuito, Ecuador . [S:N] | ||
| 300 | _a376 Pag | ||
| 001 | 11196 | ||
| 942 | _cBK | ||
| 999 |
_c40562 _d40562 |
||